|
|
|
|
| LEADER |
00000cam a2200000 a 4500 |
| 001 |
vtls010077283 |
| 003 |
SK-MaSNL |
| 005 |
20260301083621.0 |
| 008 |
240318s2010 xo l f 000 0 slo |
| 015 |
|
|
|a SNBA2010/08-04678
|
| 020 |
|
|
|a 9788089363469
|q (brož.)
|
| 035 |
|
|
|a 9E58FEB9-CD2E-4D62-BC6D-E7770D7D7726
|
| 035 |
|
|
|a urn:nbn:sk:snk-amjfqw
|
| 035 |
|
|
|a urn:nbn:sk:snk-am002gi9
|
| 040 |
|
|
|a SNK
|b slo
|c SNK
|e AACR2
|
| 041 |
0 |
|
|a slo
|
| 044 |
|
|
|a xo
|c SK
|
| 072 |
|
7 |
|a 657
|x Účtovníctvo
|2 konspekt
|
| 080 |
|
|
|a 657
|2 2001
|
| 080 |
|
|
|a 34
|2 2001
|
| 080 |
|
|
|a (035)
|2 2001
|
| 100 |
1 |
|
|a Kaletová, Viera
|4 aut
|9 410816
|
| 245 |
1 |
0 |
|a Účtovné súvzťažnosti 2010
|c Viera Kaletová, Jana Turóciová
|
| 250 |
|
|
|a 10. vyd.
|
| 260 |
|
|
|a Žilina
|b Poradca podnikateľa
|c 2010
|
| 300 |
|
|
|a 535 s.
|b tab.
|c 21 cm
|
| 490 |
1 |
|
|a Praktická príručka pre účtovníkov
|
| 500 |
|
|
|a Vysvetl. Skrat.
|
| 650 |
0 |
7 |
|a účtovníctvo
|2 SNKPH
|9 649
|
| 650 |
0 |
7 |
|a právne predpisy
|2 SNKPH
|9 1155
|
| 650 |
0 |
7 |
|a Accounting
|2 SNKPHeng
|9 266872
|
| 650 |
0 |
7 |
|a Legal regulations
|2 SNKPHeng
|9 278724
|
| 655 |
|
7 |
|a príručky
|2 SNKPH
|9 74364
|
| 655 |
|
7 |
|a Handbooks, manuals, etc.
|2 SNKPHeng
|9 90964
|
| 700 |
1 |
|
|a Turóciová, Jana,
|c Ing.
|4 aut
|9 410817
|
| 830 |
|
0 |
|a Praktická príručka pre účtovníkov
|9 410818
|
| 852 |
|
|
|a Štátna vedecká knižnica v Banskej Bystrici
|
| 919 |
|
|
|a 978-80-89363-46-9
|
| 958 |
|
|
|a OND
|
| 968 |
|
|
|d 65
|
| 999 |
|
|
|c 660989
|d 662919
|
| 952 |
|
|
|a SNK
|b SNK
|y PREZ
|7 0
|p 17A0663437
|o snkSC 140801
|i snk2010/12695
|8 0
|0 0
|1 0
|4 0
|d 2010-06-09
|f 1
|l 0
|r 2025-07-09 00:00:00
|w 2026-02-23
|
| 952 |
|
|
|a SNK
|b SNK
|y VYP
|7 0
|p 17A0663436
|o snkSC 140801 D1
|i snk2010/12696
|8 0
|0 0
|1 0
|4 0
|d 2010-06-09
|l 0
|r 2026-02-23 18:53:10
|w 2026-02-23
|